000
00313nam a22001337a 4500
008
181203b xxu||||| |||| 00| 0 eng d
020
_a
9780136112457
041
_a
eng
080
_a
336.2
100
_a
55
101
_a
TAK
245
_a
Prentice Halls Federal Taxation 2010
_c
Poope.th.R
942
_2
udc
_c
BK
999
_c
52723
_d
52723